Teatro y Sociología

Furkejuvvon:
Bibliográfalaš dieđut
Váldodahkki: Dort, Bernard (Dahkki)
Materiálatiipa: Girji
Giella:espánnjágiella
Almmustuhtton: Buenos Aires Carlos Pérez 1968
Preanttus:1a. ed
Ráidu:Colección Estar al Día
Fáttát:
Fáddágilkorat: Lasit fáddágilkoriid
Eai fáddágilkorat, Lasit vuosttaš fáddágilkora!

MARC

LEADER 00000cam a2200000 a 4500
001 UCE0828
003 CL-VaPUC
008 140307e19680000ag |||||||||||||||||spa|d
082 0 4 |a 808.2  |b DOR  |2 21 
100 0 |a Dort, Bernard  |e author  |9 573195 
245 1 0 |a Teatro y Sociología 
250 |a 1a. ed 
300 |a 62 p 
942 |c BK 
945 |d 20140307 11:03:00  |a dcastane 
260 |a Buenos Aires  |b Carlos Pérez  |c 1968 
650 0 |a Sociología del arte  |9 306278 
650 0 |a Teatro  |9 265385 
583 |a last modification  |c 20140307 11:03:00  |k Rodrigo Vera 
490 0 |a Colección Estar al Día 
999 |c 354845  |d 354843 
952 |0 0  |1 0  |3 erb  |4 0  |6 808_200000000000000_DOR_1968  |7 0  |8 A  |9 461051  |a BIBART  |b BIBART  |i 5054788  |o 808.2 DOR 1968  |p 5054788  |r 2025-03-13  |w 2019-11-23  |y BK  |z Catalogado en:20140307  |k ART